[Event "POHÁR města Říčany 2023"]
[Site "Městské kulturní středisko U labutě"]
[Date "2023.09.01"]
[Round "8.5"]
[White "Pisar, Tomas"]
[Black "Bezdek, Tomas"]
[Result "1/2-1/2"]
[WhiteFideId "23701501"]
[BlackFideId "23733551"]
[WhiteElo "1861"]
[BlackElo "2136"]
[PlyCount "0"]
[EventDate "2023.08.26"]

1. d4 {[%clk 01:30:30]} {[%emt 00:22:38]} Nf6 {[%clk 01:30:30]} {[%emt
00:00:10]} 2. Nf3 {[%clk 01:30:30]} {[%emt 00:00:04]} e6 {[%clk 01:30:30]}
{[%emt 00:00:09]} 3. g3 {[%clk 01:30:30]} {[%emt 00:00:05]} d5 {[%clk
01:30:30]} {[%emt 00:00:53]} 4. Bg2 {[%clk 01:30:30]} {[%emt 00:00:04]} b5
{[%clk 01:30:34]} {[%emt 00:00:37]} 5. O-O {[%clk 01:30:50]} {[%emt 00:00:09]}
Nbd7 {[%clk 01:30:43]} {[%emt 00:00:21]} 6. b3 {[%clk 01:30:29]} {[%emt
00:00:51]} Bb7 {[%clk 01:30:34]} {[%emt 00:00:39]} 7. Bb2 {[%clk 01:30:05]}
{[%emt 00:00:53]} Be7 {[%clk 01:29:21]} {[%emt 00:01:42]} 8. Nbd2 {[%clk
01:30:06]} {[%emt 00:00:29]} b4 {[%clk 01:29:08]} {[%emt 00:00:44]} 9. c4
{[%clk 01:27:43]} {[%emt 00:02:53]} bxc3 {[%clk 01:28:20]} {[%emt 00:01:17]} 10.
Bxc3 {[%clk 01:28:07]} {[%emt 00:00:05]} O-O {[%clk 01:28:37]} {[%emt
00:00:13]} 11. Rc1 {[%clk 01:16:14]} {[%emt 00:12:24]} Ba3 {[%clk 01:18:25]}
{[%emt 00:10:42]} 12. Rc2 {[%clk 01:15:12]} {[%emt 00:01:32]} a5 {[%clk
01:18:38]} {[%emt 00:00:17]} 13. Ne5 {[%clk 01:09:19]} {[%emt 00:06:23]} Qe7
{[%clk 01:13:30]} {[%emt 00:05:38]} 14. Ndf3 {[%clk 01:07:19]} {[%emt
00:02:31]} Rfc8 {[%clk 01:05:57]} {[%emt 00:08:04]} 15. Nxd7 {[%clk 01:01:02]}
{[%emt 00:06:47]} Nxd7 {[%clk 01:04:07]} {[%emt 00:02:19]} 16. Qd2 {[%clk
00:58:17]} {[%emt 00:03:15]} a4 {[%clk 00:58:50]} {[%emt 00:05:47]} 17. b4
{[%clk 00:53:55]} {[%emt 00:04:52]} Nb6 {[%clk 00:58:40]} {[%emt 00:00:40]} 18.
Ne5 {[%clk 00:54:12]} {[%emt 00:00:13]} Ba6 {[%clk 00:50:18]} {[%emt 00:08:52]}
19. Rb1 {[%clk 00:51:28]} {[%emt 00:03:14]} Bb5 {[%clk 00:39:57]} {[%emt
00:10:51]} 20. Ba1 {[%clk 00:45:05]} {[%emt 00:06:52]} f6 {[%clk 00:32:39]}
{[%emt 00:07:49]} 21. Nf3 {[%clk 00:43:42]} {[%emt 00:01:54]} Nc4 {[%clk
00:31:38]} {[%emt 00:01:30]} 22. Qc3 {[%clk 00:43:19]} {[%emt 00:00:53]} Be8
{[%clk 00:19:51]} {[%emt 00:12:18]} 23. Nd2 {[%clk 00:40:04]} {[%emt 00:03:45]}
Nxd2 {[%clk 00:17:41]} {[%emt 00:02:40]} 24. Rxd2 {[%clk 00:40:22]} {[%emt
00:00:12]} Bg6 {[%clk 00:17:52]} {[%emt 00:00:19]} 25. e4 {[%clk 00:38:35]}
{[%emt 00:02:16]} dxe4 {[%clk 00:18:17]} {[%emt 00:00:05]} 26. Qxa3 {[%clk
00:37:03]} {[%emt 00:02:03]} e3 {[%clk 00:18:40]} {[%emt 00:00:06]} 27. Qxe3
{[%clk 00:36:54]} {[%emt 00:00:39]} Bxb1 {[%clk 00:18:53]} {[%emt 00:00:16]} 28.
Bxa8 {[%clk 00:37:21]} {[%emt 00:00:03]} Rxa8 {[%clk 00:18:53]} {[%emt
00:00:30]} 29. a3 {[%clk 00:35:51]} {[%emt 00:02:00]} Qd7 {[%clk 00:17:38]}
{[%emt 00:01:44]} 30. Re2 {[%clk 00:33:56]} {[%emt 00:02:25]} Bf5 {[%clk
00:15:52]} {[%emt 00:02:17]} 31. f3 {[%clk 00:31:25]} {[%emt 00:03:01]} Re8
{[%clk 00:16:15]} {[%emt 00:00:07]} 32. Re1 {[%clk 00:30:51]} {[%emt 00:01:04]}
Qd5 {[%clk 00:10:59]} {[%emt 00:05:46]} 33. Bb2 {[%clk 00:29:53]} {[%emt
00:01:29]} Bg6 {[%clk 00:08:13]} {[%emt 00:03:16]} 34. Rc1 {[%clk 00:28:13]}
{[%emt 00:02:10]} Re7 {[%clk 00:07:31]} {[%emt 00:01:11]} 35. Qc3 {[%clk
00:24:30]} {[%emt 00:04:13]} Kf7 {[%clk 00:06:57]} {[%emt 00:01:04]} 36. Qc6
{[%clk 00:22:31]} {[%emt 00:02:29]} Qa2 {[%clk 00:06:15]} {[%emt 00:01:12]} 37.
Qc3 {[%clk 00:22:21]} {[%emt 00:00:40]} Bh5 {[%clk 00:05:44]} {[%emt 00:01:02]}
38. Rf1 {[%clk 00:19:31]} {[%emt 00:03:20]} Qd5 {[%clk 00:04:56]} {[%emt
00:01:17]} 39. Kg2 {[%clk 00:15:06]} {[%emt 00:04:55]} g5 {[%clk 00:04:40]}
{[%emt 00:00:47]} 40. Qd3 {[%clk 00:12:24]} {[%emt 00:03:12]} Bg6 {[%clk
00:04:47]} {[%emt 00:00:23]} 41. Qe3 {[%clk 00:11:43]} {[%emt 00:01:11]} g4
{[%clk 00:04:34]} {[%emt 00:00:43]} 42. Kg1 {[%clk 00:12:02]} {[%emt 00:00:10]}
gxf3 {[%clk 00:01:09]} {[%emt 00:03:56]} 43. Qxf3 {[%clk 00:12:25]} {[%emt
00:00:07]} Qxf3 {[%clk 00:01:17]} 1/2-1/2

[Event "POHÁR města Říčany 2023"]
[Site "Městské kulturní středisko U labutě"]
[Date "2023.09.01"]
[Round "8.6"]
[White "Skypala, Ondrej"]
[Black "Svadlenka, Dominik"]
[Result "1-0"]
[WhiteFideId "366285"]
[BlackFideId "23716258"]
[WhiteElo "2132"]
[BlackElo "1515"]
[PlyCount "0"]
[EventDate "2023.08.26"]

1. c4 {[%clk 01:30:56]} {[%emt 00:00:02]} e5 {[%clk 01:30:56]} {[%emt
00:00:05]} 2. g3 {[%clk 01:31:14]} {[%emt 00:00:12]} Nf6 {[%clk 01:31:17]}
{[%emt 00:00:10]} 3. Bg2 {[%clk 01:31:40]} {[%emt 00:00:04]} c6 {[%clk
01:31:39]} {[%emt 00:00:08]} 4. d4 {[%clk 01:32:07]} {[%emt 00:00:03]} exd4
{[%clk 01:31:47]} {[%emt 00:00:22]} 5. Qxd4 {[%clk 01:32:31]} {[%emt 00:00:06]}
d5 {[%clk 01:31:54]} {[%emt 00:00:23]} 6. Nf3 {[%clk 01:32:54]} {[%emt
00:00:07]} Be7 {[%clk 01:32:09]} {[%emt 00:00:16]} 7. O-O {[%clk 01:33:17]}
{[%emt 00:00:07]} O-O {[%clk 01:32:32]} {[%emt 00:00:07]} 8. Rd1 {[%clk
01:20:27]} {[%emt 00:13:20]} dxc4 {[%clk 01:21:44]} {[%emt 00:11:19]} 9. Qxd8
{[%clk 01:18:16]} {[%emt 00:02:41]} Rxd8 {[%clk 01:21:57]} {[%emt 00:00:16]} 10.
Rxd8+ {[%clk 01:18:40]} {[%emt 00:00:06]} Bxd8 {[%clk 01:22:22]} {[%emt
00:00:05]} 11. Na3 {[%clk 01:19:03]} {[%emt 00:00:07]} Be6 {[%clk 01:16:59]}
{[%emt 00:05:53]} 12. Ng5 {[%clk 01:19:17]} {[%emt 00:00:16]} Bf5 {[%clk
01:16:59]} {[%emt 00:00:29]} 13. Nxc4 {[%clk 01:19:21]} {[%emt 00:00:26]} Bc7
{[%clk 01:16:39]} {[%emt 00:00:50]} 14. Bf4 {[%clk 01:04:41]} {[%emt 00:15:10]}
Bxf4 {[%clk 01:11:00]} {[%emt 00:06:09]} 15. gxf4 {[%clk 01:05:02]} {[%emt
00:00:08]} h6 {[%clk 01:01:52]} {[%emt 00:09:39]} 16. Nd6 {[%clk 01:04:10]}
{[%emt 00:01:22]} hxg5 {[%clk 00:59:12]} {[%emt 00:03:11]} 17. fxg5 {[%clk
01:04:33]} {[%emt 00:00:06]} Nh7 {[%clk 00:50:29]} {[%emt 00:09:13]} 18. Nxf5
{[%clk 01:04:39]} {[%emt 00:00:24]} Nxg5 {[%clk 00:50:38]} {[%emt 00:00:21]} 19.
Nd6 {[%clk 01:04:40]} {[%emt 00:00:29]} b6 {[%clk 00:50:49]} {[%emt 00:00:20]}
20. Rc1 {[%clk 01:03:29]} {[%emt 00:01:41]} Ne6 {[%clk 00:50:26]} {[%emt
00:00:53]} 21. Bxc6 {[%clk 00:43:07]} {[%emt 00:20:52]} Nxc6 {[%clk 00:50:50]}
{[%emt 00:00:06]} 22. Rxc6 {[%clk 00:43:25]} {[%emt 00:00:11]} Nd4 {[%clk
00:49:39]} {[%emt 00:01:42]} 23. Rc4 {[%clk 00:43:01]} {[%emt 00:00:54]} Nxe2+
{[%clk 00:48:11]} {[%emt 00:01:58]} 24. Kf1 {[%clk 00:41:00]} {[%emt 00:02:31]}
Rd8 {[%clk 00:48:17]} {[%emt 00:00:24]} 25. Nf5 {[%clk 00:39:29]} {[%emt
00:02:00]} Rd2 {[%clk 00:43:52]} {[%emt 00:04:56]} 26. Ne7+ {[%clk 00:36:37]}
{[%emt 00:03:23]} Kf8 {[%clk 00:43:55]} {[%emt 00:00:27]} 27. Nf5 {[%clk
00:36:59]} {[%emt 00:00:08]} Kg8 {[%clk 00:43:45]} {[%emt 00:00:39]} 28. Ne7+
{[%clk 00:21:31]} {[%emt 00:15:58]} Kf8 {[%clk 00:44:11]} {[%emt 00:00:04]} 29.
Nd5 {[%clk 00:21:44]} {[%emt 00:00:17]} Rxd5 {[%clk 00:40:42]} {[%emt
00:03:59]} 30. Kxe2 {[%clk 00:22:06]} {[%emt 00:00:08]} Ke7 {[%clk 00:40:02]}
{[%emt 00:01:09]} 31. Ke3 {[%clk 00:22:18]} {[%emt 00:00:19]} Kd6 {[%clk
00:36:44]} {[%emt 00:03:49]} 32. Rg4 {[%clk 00:22:29]} {[%emt 00:00:18]} g6
{[%clk 00:35:38]} {[%emt 00:01:36]} 33. Rf4 {[%clk 00:22:53]} {[%emt 00:00:06]}
Ke6 {[%clk 00:28:12]} {[%emt 00:07:56]} 34. Ra4 {[%clk 00:22:12]} {[%emt
00:01:11]} a5 {[%clk 00:27:27]} {[%emt 00:01:16]} 35. Re4+ {[%clk 00:22:27]}
{[%emt 00:00:14]} Re5 {[%clk 00:07:19]} {[%emt 00:20:38]} 36. Kd4 {[%clk
00:22:35]} {[%emt 00:00:22]} Rxe4+ {[%clk 00:07:22]} {[%emt 00:00:28]} 37. Kxe4
{[%clk 00:22:55]} {[%emt 00:00:09]} b5 {[%clk 00:06:53]} {[%emt 00:00:59]} 38.
Kf4 {[%clk 00:20:48]} {[%emt 00:02:37]} f6 {[%clk 00:05:59]} {[%emt 00:01:24]}
39. Ke4 {[%clk 00:21:05]} {[%emt 00:00:13]} g5 {[%clk 00:05:50]} {[%emt
00:00:39]} 40. Kd4 {[%clk 00:20:42]} {[%emt 00:00:53]} Kd6 {[%clk 00:05:09]}
{[%emt 00:01:11]} 41. f4 {[%clk 00:20:27]} {[%emt 00:00:45]} Ke6 {[%clk
00:00:46]} {[%emt 00:04:53]} 42. fxg5 {[%clk 00:20:41]} {[%emt 00:00:16]} fxg5
{[%clk 00:01:00]} {[%emt 00:00:16]} 43. Kc5 {[%clk 00:20:54]} {[%emt 00:00:16]}
b4 {[%clk 00:00:49]} {[%emt 00:00:42]} 44. Kb5 {[%clk 00:21:15]} {[%emt
00:00:09]} Kd5 {[%clk 00:00:40]} {[%emt 00:00:39]} 45. Kxa5 {[%clk 00:21:36]}
{[%emt 00:00:09]} Kc4 {[%clk 00:00:57]} {[%emt 00:00:12]} 46. Ka4 {[%clk
00:21:53]} {[%emt 00:00:13]} g4 {[%clk 00:01:11]} {[%emt 00:00:16]} 47. b3
{[%clk 00:22:09]} {[%emt 00:00:14]} Kc3 {[%clk 00:01:32]} {[%emt 00:00:10]} 48.
Kb5 {[%clk 00:22:23]} {[%emt 00:00:15]} Kd3 {[%clk 00:01:53]} {[%emt 00:00:10]}
49. Kxb4 {[%clk 00:22:47]} {[%emt 00:00:06]} Ke3 {[%clk 00:02:18]} {[%emt
00:00:04]} 50. a4 {[%clk 00:23:12]} {[%emt 00:00:05]} 1-0

[Event "POHÁR města Říčany 2023"]
[Site "Městské kulturní středisko U labutě"]
[Date "2023.09.01"]
[Round "8.7"]
[White "Walek, Petr"]
[Black "Benes, Jachym"]
[Result "1-0"]
[WhiteFideId "339393"]
[BlackFideId "23710870"]
[WhiteElo "2219"]
[BlackElo "1914"]
[PlyCount "0"]
[EventDate "2023.08.26"]

1. e4 {[%clk 01:30:58]} {[%emt 00:00:01]} e6 {[%clk 01:30:54]} {[%emt
00:00:06]} 2. d4 {[%clk 01:31:22]} {[%emt 00:00:05]} d5 {[%clk 01:31:20]}
{[%emt 00:00:04]} 3. Nc3 {[%clk 01:31:41]} {[%emt 00:00:11]} Bb4 {[%clk
01:31:38]} {[%emt 00:00:12]} 4. Nge2 {[%clk 01:31:47]} {[%emt 00:00:25]} dxe4
{[%clk 01:27:10]} {[%emt 00:04:59]} 5. a3 {[%clk 01:32:06]} {[%emt 00:00:11]}
Bxc3+ {[%clk 01:27:20]} {[%emt 00:00:20]} 6. Nxc3 {[%clk 01:32:29]} {[%emt
00:00:07]} Nc6 {[%clk 01:26:59]} {[%emt 00:00:50]} 7. Bb5 {[%clk 01:32:18]}
{[%emt 00:00:41]} Nge7 {[%clk 01:27:23]} {[%emt 00:00:06]} 8. Bg5 {[%clk
01:32:15]} {[%emt 00:00:33]} O-O {[%clk 01:24:23]} {[%emt 00:03:29]} 9. Bxc6
{[%clk 01:25:01]} {[%emt 00:07:44]} bxc6 {[%clk 01:23:39]} {[%emt 00:01:15]} 10.
Qh5 {[%clk 01:00:52]} {[%emt 00:24:39]} f6 {[%clk 01:20:09]} {[%emt 00:04:00]}
11. Be3 {[%clk 01:01:00]} {[%emt 00:00:22]} f5 {[%clk 01:20:11]} {[%emt
00:00:28]} 12. Bg5 {[%clk 00:44:29]} {[%emt 00:17:01]} Qd6 {[%clk 01:10:03]}
{[%emt 00:10:38]} 13. O-O-O {[%clk 00:38:00]} {[%emt 00:06:59]} Nd5 {[%clk
01:07:05]} {[%emt 00:03:28]} 14. Nxd5 {[%clk 00:37:57]} {[%emt 00:00:33]} cxd5
{[%clk 01:05:00]} {[%emt 00:02:34]} 15. Qh4 {[%clk 00:37:23]} {[%emt 00:01:03]}
Rf7 {[%clk 01:05:08]} {[%emt 00:00:23]} 16. Bf4 {[%clk 00:37:12]} {[%emt
00:00:42]} Qd7 {[%clk 01:04:42]} {[%emt 00:00:56]} 17. Rhe1 {[%clk 00:35:25]}
{[%emt 00:02:16]} a5 {[%clk 01:03:52]} {[%emt 00:01:20]} 18. Re3 {[%clk
00:34:08]} {[%emt 00:01:48]} a4 {[%clk 01:02:56]} {[%emt 00:01:26]} 19. Rc3
{[%clk 00:27:20]} {[%emt 00:07:17]} Ba6 {[%clk 00:59:28]} {[%emt 00:03:58]} 20.
Rxc7 {[%clk 00:22:00]} {[%emt 00:05:50]} Qe8 {[%clk 00:57:49]} {[%emt
00:02:09]} 21. Qg3 {[%clk 00:15:42]} {[%emt 00:06:48]} Rc8 {[%clk 00:52:28]}
{[%emt 00:05:51]} 22. Rxf7 {[%clk 00:12:32]} {[%emt 00:03:40]} Qxf7 {[%clk
00:52:50]} {[%emt 00:00:08]} 23. Bd6 {[%clk 00:11:47]} {[%emt 00:01:14]} Qd7
{[%clk 00:34:26]} {[%emt 00:18:53]} 24. Kb1 {[%clk 00:10:19]} {[%emt 00:01:59]}
Qb5 {[%clk 00:31:29]} {[%emt 00:03:28]} 25. Re1 {[%clk 00:08:23]} {[%emt
00:02:26]} Qa5 {[%clk 00:27:55]} {[%emt 00:04:03]} 26. Bb4 {[%clk 00:04:11]}
{[%emt 00:04:42]} Qb6 {[%clk 00:27:55]} {[%emt 00:00:30]} 27. Qe5 {[%clk
00:03:51]} {[%emt 00:00:49]} Qc6 {[%clk 00:25:04]} {[%emt 00:03:21]} 28. Bc5
{[%clk 00:03:55]} {[%emt 00:00:27]} Kf7 {[%clk 00:24:55]} {[%emt 00:00:39]} 29.
Qf4 {[%clk 00:03:06]} {[%emt 00:01:19]} Qc7 {[%clk 00:23:21]} {[%emt 00:02:04]}
30. Qh4 {[%clk 00:02:23]} {[%emt 00:01:13]} Kg8 {[%clk 00:23:40]} {[%emt
00:00:09]} 31. Re3 {[%clk 00:01:58]} {[%emt 00:00:56]} Qd7 {[%clk 00:21:29]}
{[%emt 00:02:42]} 32. Qf4 {[%clk 00:01:05]} {[%emt 00:01:23]} Qc7 {[%clk
00:20:41]} {[%emt 00:01:18]} 33. Qxc7 {[%clk 00:00:33]} {[%emt 00:01:02]} Rxc7
{[%clk 00:21:06]} {[%emt 00:00:05]} 34. Bd6 {[%clk 00:00:58]} {[%emt 00:00:05]}
Rc6 {[%clk 00:21:12]} {[%emt 00:00:24]} 35. Bf4 {[%clk 00:01:17]} {[%emt
00:00:11]} Rc4 {[%clk 00:16:08]} {[%emt 00:05:35]} 36. Be5 {[%clk 00:01:45]}
{[%emt 00:00:01]} Bb5 {[%clk 00:13:29]} {[%emt 00:03:09]} 37. Rg3 {[%clk
00:01:27]} {[%emt 00:00:48]} g6 {[%clk 00:13:45]} {[%emt 00:00:14]} 38. h4
{[%clk 00:01:32]} {[%emt 00:00:25]} Rc6 {[%clk 00:13:05]} {[%emt 00:01:10]} 39.
h5 {[%clk 00:01:16]} {[%emt 00:00:47]} Kf7 {[%clk 00:13:28]} {[%emt 00:00:07]}
40. hxg6+ {[%clk 00:01:16]} {[%emt 00:00:30]} hxg6 {[%clk 00:13:53]} {[%emt
00:00:05]} 41. Rh3 {[%clk 00:01:21]} {[%emt 00:00:26]} g5 {[%clk 00:13:48]}
{[%emt 00:00:35]} 42. g3 {[%clk 00:01:07]} {[%emt 00:00:44]} Kg6 {[%clk
00:13:04]} {[%emt 00:01:14]} 43. Rh8 {[%clk 00:01:35]} {[%emt 00:00:01]} Be2
{[%clk 00:12:59]} {[%emt 00:00:35]} 44. Bb8 {[%clk 00:00:34]} {[%emt 00:01:32]}
Bd1 {[%clk 00:12:43]} {[%emt 00:00:46]} 45. c3 {[%clk 00:00:57]} {[%emt
00:00:07]} Bb3 {[%clk 00:12:22]} {[%emt 00:00:50]} 46. Be5 {[%clk 00:01:19]}
{[%emt 00:00:08]} Kf7 {[%clk 00:08:41]} {[%emt 00:04:11]} 47. Rh6 {[%clk
00:01:12]} {[%emt 00:00:37]} Rc8 {[%clk 00:07:15]} {[%emt 00:01:56]} 48. Rf6+
{[%clk 00:01:33]} {[%emt 00:00:10]} Ke7 {[%clk 00:07:40]} {[%emt 00:00:05]} 49.
Rg6 {[%clk 00:01:55]} {[%emt 00:00:08]} g4 {[%clk 00:07:59]} {[%emt 00:00:11]}
50. Rg7+ {[%clk 00:02:07]} {[%emt 00:00:17]} Ke8 {[%clk 00:07:01]} {[%emt
00:01:28]} 51. Bf6 {[%clk 00:00:43]} {[%emt 00:01:54]} Rc6 {[%clk 00:07:00]}
{[%emt 00:00:31]} 52. Be5 {[%clk 00:00:50]} {[%emt 00:00:23]} Kf8 {[%clk
00:07:14]} {[%emt 00:00:16]} 53. Rh7 {[%clk 00:01:03]} {[%emt 00:00:17]} Kg8
{[%clk 00:07:37]} {[%emt 00:00:07]} 54. Rg7+ {[%clk 00:01:30]} {[%emt
00:00:03]} Kf8 {[%clk 00:08:03]} {[%emt 00:00:04]} 55. Rh7 {[%clk 00:01:56]}
{[%emt 00:00:05]} Kg8 {[%clk 00:08:30]} {[%emt 00:00:03]} 56. Ra7 {[%clk
00:01:25]} {[%emt 00:01:01]} Kf8 {[%clk 00:08:02]} {[%emt 00:00:57]} 57. Kc1
{[%clk 00:01:37]} {[%emt 00:00:19]} Ke8 {[%clk 00:07:35]} {[%emt 00:00:57]} 58.
Kd2 {[%clk 00:01:40]} {[%emt 00:00:26]} Rb6 {[%clk 00:08:01]} {[%emt 00:00:05]}
59. Bc7 {[%clk 00:00:33]} {[%emt 00:01:37]} Rc6 {[%clk 00:08:27]} {[%emt
00:00:04]} 60. Ke3 {[%clk 00:00:38]} {[%emt 00:00:24]} Kd7 {[%clk 00:08:33]}
{[%emt 00:00:24]} 61. Be5+ {[%clk 00:00:49]} {[%emt 00:00:19]} Kc8 {[%clk
00:08:54]} {[%emt 00:00:10]} 62. Kf4 {[%clk 00:01:05]} {[%emt 00:00:13]} Rb6
{[%clk 00:08:28]} {[%emt 00:00:57]} 63. Rc7+ {[%clk 00:00:43]} {[%emt
00:00:52]} Kd8 {[%clk 00:08:40]} {[%emt 00:00:18]} 64. Ra7 {[%clk 00:01:05]}
{[%emt 00:00:08]} Kc8 {[%clk 00:09:06]} {[%emt 00:00:04]} 65. Rc7+ {[%clk
00:01:32]} {[%emt 00:00:03]} Kd8 {[%clk 00:09:33]} {[%emt 00:00:02]} 66. Kg5
{[%clk 00:01:10]} {[%emt 00:00:52]} Bd1 {[%clk 00:09:56]} {[%emt 00:00:08]} 67.
Rc5 {[%clk 00:00:48]} {[%emt 00:00:52]} Rxb2 {[%clk 00:07:59]} {[%emt
00:02:27]} 68. Kf6 {[%clk 00:01:12]} {[%emt 00:00:06]} Rxf2 {[%clk 00:08:07]}
{[%emt 00:00:21]} 69. Kxe6 {[%clk 00:01:21]} {[%emt 00:00:21]} Rb2 {[%clk
00:08:07]} {[%emt 00:00:30]} 70. Bf6+ {[%clk 00:01:44]} {[%emt 00:00:07]} 1-0

[Event "POHÁR města Říčany 2023"]
[Site "Městské kulturní středisko U labutě"]
[Date "2023.09.01"]
[Round "8.8"]
[White "Rodshtein, Tereza"]
[Black "Rajnys, Vladimir"]
[Result "0-1"]
[WhiteFideId "325449"]
[BlackFideId "308200"]
[WhiteElo "2203"]
[BlackElo "2025"]
[PlyCount "0"]
[EventDate "2023.08.26"]

1. e4 {[%clk 01:28:24]} {[%emt 00:02:35]} c5 {[%clk 01:30:50]} {[%emt
00:00:10]} 2. Nf3 {[%clk 01:28:50]} {[%emt 00:00:04]} d6 {[%clk 01:31:14]}
{[%emt 00:00:06]} 3. d4 {[%clk 01:29:16]} {[%emt 00:00:04]} cxd4 {[%clk
01:31:38]} {[%emt 00:00:06]} 4. Nxd4 {[%clk 01:29:42]} {[%emt 00:00:04]} Nf6
{[%clk 01:31:57]} {[%emt 00:00:11]} 5. Nc3 {[%clk 01:30:05]} {[%emt 00:00:07]}
a6 {[%clk 01:32:02]} {[%emt 00:00:26]} 6. Bg5 {[%clk 01:30:23]} {[%emt
00:00:11]} e5 {[%clk 01:30:38]} {[%emt 00:01:53]} 7. Nde2 {[%clk 01:25:03]}
{[%emt 00:05:51]} Be6 {[%clk 01:30:06]} {[%emt 00:01:02]} 8. g3 {[%clk
01:23:55]} {[%emt 00:01:37]} Nbd7 {[%clk 01:26:48]} {[%emt 00:03:48]} 9. h3
{[%clk 01:19:26]} {[%emt 00:05:00]} b5 {[%clk 01:25:51]} {[%emt 00:01:27]} 10.
Bg2 {[%clk 01:17:19]} {[%emt 00:02:36]} Be7 {[%clk 01:22:13]} {[%emt 00:04:08]}
11. a3 {[%clk 01:13:16]} {[%emt 00:04:34]} O-O {[%clk 01:20:51]} {[%emt
00:01:52]} 12. O-O {[%clk 01:13:23]} {[%emt 00:00:22]} h6 {[%clk 01:16:14]}
{[%emt 00:05:08]} 13. Bxf6 {[%clk 01:06:17]} {[%emt 00:07:36]} Nxf6 {[%clk
01:13:11]} {[%emt 00:03:33]} 14. Qd2 {[%clk 01:04:10]} {[%emt 00:02:38]} Qb6
{[%clk 01:08:17]} {[%emt 00:05:23]} 15. Kh2 {[%clk 00:54:44]} {[%emt 00:09:57]}
a5 {[%clk 01:07:10]} {[%emt 00:01:37]} 16. Nd5 {[%clk 00:49:49]} {[%emt
00:05:25]} Nxd5 {[%clk 01:02:19]} {[%emt 00:05:21]} 17. exd5 {[%clk 00:50:09]}
{[%emt 00:00:10]} Bd7 {[%clk 01:02:19]} {[%emt 00:00:29]} 18. f4 {[%clk
00:45:40]} {[%emt 00:05:00]} Bf6 {[%clk 01:01:23]} {[%emt 00:01:25]} 19. f5
{[%clk 00:45:01]} {[%emt 00:01:09]} b4 {[%clk 01:00:13]} {[%emt 00:01:41]} 20.
c4 {[%clk 00:43:38]} {[%emt 00:01:52]} Rfe8 {[%clk 00:53:31]} {[%emt 00:07:12]}
21. Be4 {[%clk 00:40:52]} {[%emt 00:03:17]} Qc5 {[%clk 00:48:15]} {[%emt
00:05:46]} 22. Qd3 {[%clk 00:37:57]} {[%emt 00:03:24]} Reb8 {[%clk 00:46:34]}
{[%emt 00:02:11]} 23. a4 {[%emt 00:10:14]} b3 {[%clk 00:45:19]} {[%emt
00:01:40]} 24. Ra3 {[%clk 00:25:03]} {[%emt 00:03:46]} Rb4 {[%clk 00:45:00]}
{[%emt 00:00:49]} 25. Rxb3 {[%clk 00:25:26]} {[%emt 00:00:07]} Bxa4 {[%clk
00:45:06]} {[%emt 00:00:24]} 26. Rxb4 {[%clk 00:25:13]} {[%emt 00:00:43]} Qxb4
{[%emt 00:09:05]} 27. Nc3 {[%clk 00:16:24]} {[%emt 00:00:50]} Bb3 {[%clk
00:42:58]} {[%emt 00:02:31]} 28. Rf2 {[%clk 00:16:48]} {[%emt 00:00:06]} Bxc4
{[%clk 00:43:03]} {[%emt 00:00:25]} 29. Qf3 {[%clk 00:13:15]} {[%emt 00:04:03]}
a4 {[%clk 00:39:59]} {[%emt 00:03:35]} 30. Nb1 {[%clk 00:13:37]} {[%emt
00:00:08]} Bb3 {[%clk 00:37:42]} {[%emt 00:02:47]} 31. Re2 {[%clk 00:11:52]}
{[%emt 00:02:15]} Rc8 {[%clk 00:37:46]} {[%emt 00:00:25]} 32. Qe3 {[%clk
00:11:14]} {[%emt 00:01:08]} Bg5 {[%clk 00:36:56]} {[%emt 00:01:20]} 33. Qa7
{[%clk 00:11:06]} {[%emt 00:00:38]} Bd1 {[%clk 00:31:30]} {[%emt 00:05:56]} 34.
Qa6 {[%clk 00:11:00]} {[%emt 00:00:37]} Rd8 {[%clk 00:31:36]} {[%emt 00:00:23]}
35. h4 {[%clk 00:11:10]} {[%emt 00:00:21]} Bxe2 {[%clk 00:29:59]} {[%emt
00:02:07]} 36. Qxe2 {[%clk 00:11:37]} {[%emt 00:00:03]} Bc1 {[%clk 00:30:12]}
{[%emt 00:00:17]} 0-1